Liber memorialis. (Record no. 23134)
[ view plain ]
| 000 -LEADER | |
|---|---|
| fixed length control field | 01025cam a22002171 4500 |
| 001 - CONTROL NUMBER | |
| control field | f 01003640 |
| 003 - CONTROL NUMBER IDENTIFIER | |
| control field | DLC |
| 005 - DATE AND TIME OF LATEST TRANSACTION | |
| control field | 20260227111247.0 |
| 008 - FIXED-LENGTH DATA ELEMENTS--GENERAL INFORMATION | |
| fixed length control field | 860630s1869 be 000 0 fre |
| 010 ## - LIBRARY OF CONGRESS CONTROL NUMBER | |
| LC control number | f 01003640 |
| 035 ## - SYSTEM CONTROL NUMBER | |
| System control number | (OCoLC)13801177 |
| 040 ## - CATALOGING SOURCE | |
| Original cataloging agency | DLC |
| Transcribing agency | MdBJ-W |
| Modifying agency | MdBJ-W |
| -- | DLC |
| 042 ## - AUTHENTICATION CODE | |
| Authentication code | premarc |
| 050 00 - LIBRARY OF CONGRESS CALL NUMBER | |
| Classification number | LF4015 |
| Item number | .L4 |
| 100 1# - MAIN ENTRY--PERSONAL NAME | |
| Personal name | Le Roy, Alphonse, |
| Dates associated with a name | 1822- |
| 245 10 - TITLE STATEMENT | |
| Title | Liber memorialis. |
| Remainder of title | L'Université de Liége depuis sa fondation, |
| Statement of responsibility, etc. | par Alphonse Le Roy ... Ouvrage rédigé et publié en vertu d'une décision du conseil académique, à l'occasion du premier jubilé semi-séculaire de l'Université (3 nov. 1867). |
| 260 ## - PUBLICATION, DISTRIBUTION, ETC. | |
| Place of publication, distribution, etc. | Liége, |
| Name of publisher, distributor, etc. | Impr. J.G. Carmanne, |
| Date of publication, distribution, etc. | 1869. |
| 300 ## - PHYSICAL DESCRIPTION | |
| Extent | 2 p.l., 80, lxxix p., 1180 col., cxliv p. |
| Other physical details | front., illus., double pl., plans. |
| Dimensions | 27 cm. |
| 505 0# - FORMATTED CONTENTS NOTE | |
| Formatted contents note | I. ptie. Les fêtes du 3 novembre 1867.--2. ptie. La famille universitaire. I. Les professeurs et leur auxiliaires.--3. ptie. La famille universitiare. II. Les élèves. |
| 610 20 - SUBJECT ADDED ENTRY--CORPORATE NAME | |
| Corporate name or jurisdiction name as entry element | Université de Liège |
| General subdivision | History. |
No items available.